LEADER 00846nam0-22003011i-450- 001 990006773610403321 005 20001010 035 $a000677361 035 $aFED01000677361 035 $a(Aleph)000677361FED01 035 $a000677361 100 $a20001010d--------km-y0itay50------ba 101 0 $aita 105 $ay-------001yy 200 1 $aExploratory and multivariate data analysis$fMichel Jambu 210 $aBoston$cAcademic Press$dc 1991. 215 $aXIV, 474 p.$d23 cm 225 1 $aStatistical modeling and decision science$v 676 $a519.5 700 1$aJambu,$bMichel$0103024 801 0$aIT$bUNINA$gRICA$2UNIMARC 901 $aBK 912 $a990006773610403321 952 $aVI E 495$b20526$fFSPBC 959 $aFSPBC 996 $aExploratory and multivariate data analysis$9438908 997 $aUNINA DB $aGEN01 LEADER 01781nam 2200469I 450 001 9910703814203321 005 20150820144629.0 035 $a(CKB)5470000002435593 035 $a(OCoLC)918989560 035 $a(EXLCZ)995470000002435593 100 $a20150820j201503 ua 0 101 0 $aeng 135 $aurbn||||||||| 181 $ctxt$2rdacontent 182 $cc$2rdamedia 183 $acr$2rdacarrier 200 10$aEvaluation of the 7-km GEOS-5 nature run /$fRonald Gelaro [and twenty-seven others] 210 1$aGreenbelt, Maryland :$cNational Aeronautics and Space Administration, Goddard Space Flight Center,$dMarch 2015. 215 $a1 online resource (xiv, 285 pages) $ccolor illustrations, maps 225 1 $aNASA/TM ;$v2014-104606.$aTechnical report series on global modeling and data assimilation ;$vvolume 36 300 $aTitle from title screen (viewed Aug. 20, 2015). 300 $a"March 2015." 320 $aIncludes bibliographical references (pages 276-285). 517 3 $aEvaluation of the 7-km Goddard Earth Observing System-5 nature run 606 $aAtmospheric General Circulation Models$2nasat 606 $aEarth Observing System (EOS)$2nasat 606 $aHydrological cycle$2nasat 606 $aMarine meteorology$2nasat 606 $aMesoscale phenomena$2nasat 615 7$aAtmospheric General Circulation Models. 615 7$aEarth Observing System (EOS) 615 7$aHydrological cycle. 615 7$aMarine meteorology. 615 7$aMesoscale phenomena. 700 $aGelaro$b Ronald$01416591 712 02$aGoddard Space Flight Center, 801 0$bGPO 801 1$bGPO 906 $aBOOK 912 $a9910703814203321 996 $aEvaluation of the 7-km GEOS-5 nature run$93522456 997 $aUNINA